000 00791nas a2200265 4500
001 BR2013009963
003 BR-BrBNA
005 20231205123342.0
007 ta
008 230509b bl.|||p| |||| 00| 00por d
040 _aBR-BrBNA
_bpor
_cBiblioteca Nacional de Agricultura
041 _a(Pt)
072 _aH20
100 1 _aRanzi, C.
100 1 _aForcelini, C.A.
245 1 _aAplicação curativa de fungicidas e seu efeito sobre a expansão de lesão da mancha-amarela do trigo
650 _aTRIGO
650 _aFUNGICIDA
650 _aLESÃO
650 _aEPIDEMIA
650 _aCONTROLE QUÍMICO
773 0 _tCiência Rural (Brazil)
_xISSN 0103-8478
_g(Sep 2013), v.43(9) p. 1576-1581
_wBR2013009963
909 _a202311
_bLúcia
_c55
_dLúcia Elande
942 _2AGRIS
_n0
_cANA
999 _c233477
_d233477